000 00424nam a2200181Ia 4500
005 20250603145112.0
008 250603s9999 xx 000 0 und d
020 _a8171695701
050 _aKM 201 .N3/
100 _aNarasimham, R. K.
245 0 _aHuman right and social justice
260 _aDelhi
260 _bCommonwealth Publishers Ltd.
260 _c2019
300 _a336 p
650 _aDelhi
942 _cBK
999 _c40875
_d40875